3000 hoành phi câu đối Hán Nôm

Đã lưu trong:
书目详细资料
其他作者: Trần Lê Sáng (ch.b, b.s), Phạm kỳ Nam (b.s), Phạm Đức Duật (b.s), Ngô Vương Anh (thư ký)
格式: 图书
语言:Vietnamese
出版: H. Văn hóa Thông tin 2002
主题:
标签: 添加标签
没有标签, 成为第一个标记此记录!
Thư viện lưu trữ: Mạng thư viện Đại học Đà Nẵng
LEADER 01255nam a2200361 4500
001 000006945
003 3105
005 20110928080932.0
008 110923s2002 viesd
020 |c 110000đ 
041 0 |a vie 
082 |a 495.922  |b Hoa 
245 0 |a 3000 hoành phi câu đối Hán Nôm  |c (ch.b) Trần Lê Sáng b.s: Phạm Đức Duật; Phạm Kỳ Nam; thư ký Ngô Vương Anh 
260 |a H.  |b Văn hóa Thông tin  |c 2002 
300 |a 805 tr  |c 24 cm 
653 |a 3000 hoành phi 
653 |a Câu đối chữ Nôm 
653 |a Câu đối chữ hán 
700 |a Trần Lê Sáng  |e ch.b, b.s 
700 |a Phạm kỳ Nam  |e b.s 
700 |a Phạm Đức Duật  |e b.s 
700 |a Ngô Vương Anh  |e thư ký 
910 |a Nguyễn Thị Kim Oanh  |d 23/09/2011 
OWN |a LSP 
AVA |a UDN50  |b LSP  |d 495.922 Hoa  |e available  |t Error 5001 Not defined in file expand_doc_bib_avail.  |f 2  |g 0  |h N  |i 0  |k 1 
999 |a From the UDN01 
AVA |a UDN50  |b LSP  |d 495.922 Hoa  |e available  |t Error 5001 Not defined in file expand_doc_bib_avail.  |f 2  |g 0  |h N  |i 0  |k 1 
TYP |a Monograph 
TYP |a Printed language 
980 |a Mạng thư viện Đại học Đà Nẵng